000 00554nam a22001937a 4500
999 _c195319
_d195319
005 20230317142951.0
010 _aENG-1366462
020 _a9788126442249
_c195.00
035 _aEN-119994
037 _bDBAD/PUB
082 _a641.595483
100 _aLukose, Bava
245 _aSuriyani Cookery /
_cBy Bava Lukose,
250 _aFirst
260 _aKerela
_bAn Impacts Of DC Books
270 _aKottayam
_bKerela
_e686001
_k9846133336
_mcustomercare@dcbooks.com
300 _a159p.
_c23cm(pbk)
942 _2ddc
_cEN
_h641.595483
_mBAV